000 00421nam a2200145 a 4500
001 000033108
005 20200930070031.0
008 110817s19uu dr 000 0 spa d
040 _aDO-SdBNP
_bspa
_cBNPHU
100 1 _aEchavarría, Colón
_957906
245 1 0 _aFrutos del amor prohibido /
_cColón Echavaría.
260 _aBuenos Aires, Argentina :
_bImp. López,
_c[196].
300 _a174 p. ;
_c22 cm.
049 _aBNPD
999 _c32599
_d32599